Digital radiography and PACS / (Record no. 172438)

MARC details
000 -LEADER
fixed length control field 00985aam a22002771i 4500
001 - CONTROL NUMBER
control field 019014208
003 - CONTROL NUMBER IDENTIFIER
control field OSt
005 - DATE AND TIME OF LATEST TRANSACTION
control field 20250930120031.0
008 - FIXED-LENGTH DATA ELEMENTS--GENERAL INFORMATION
fixed length control field 211005s2019 moua gob 001 0 eng d
020 ## - INTERNATIONAL STANDARD BOOK NUMBER
International Standard Book Number 9780323547581 (Paperback)
Qualifying information USD 39.00
040 ## - CATALOGING SOURCE
Original cataloging agency RAU
Language of cataloging eng
Transcribing agency RAU
Modifying agency NUST
Description conventions pn
050 ## - LIBRARY OF CONGRESS CALL NUMBER
Classification number RC78.D35 CAR
100 1# - MAIN ENTRY--PERSONAL NAME
Personal name Carter, Christi E.
Relator term Author
245 10 - TITLE STATEMENT
Title Digital radiography and PACS /
Statement of responsibility, etc. Christi E. Carter and Beth L. Vealé.
250 ## - EDITION STATEMENT
Edition statement Third edition.
300 ## - PHYSICAL DESCRIPTION
Extent xii, 203 pages :
Other physical details Illustrations ;
Dimensions 24 cm.
336 ## - CONTENT TYPE
Content type term text
Source rdacontent
Content type code txt
337 ## - MEDIA TYPE
Media type term unmediated
Source rdamedia
Media type code n
338 ## - CARRIER TYPE
Carrier type term volume
Source rdacarrier
Carrier type code nc
504 ## - BIBLIOGRAPHY, ETC. NOTE
Bibliography, etc. note Includes bibliographical references and index.
650 #0 - SUBJECT ADDED ENTRY--TOPICAL TERM
Topical term or geographic name entry element Radiography, Medical
General subdivision Digital techniques.
650 #0 - SUBJECT ADDED ENTRY--TOPICAL TERM
Topical term or geographic name entry element Picture archiving and communication systems in medicine.
650 #0 - SUBJECT ADDED ENTRY--TOPICAL TERM
Topical term or geographic name entry element Radiography.
700 1# - ADDED ENTRY--PERSONAL NAME
Personal name Vealé, Beth L.
Relator term Author
942 ## - ADDED ENTRY ELEMENTS (KOHA)
Source of classification or shelving scheme Library of Congress Classification
Koha item type Ordinary Loan Books
Edition Third edition.
Classification part RC78.D35 CAR
Call number prefix RC
Call number suffix CAR
Suppress in OPAC No
Holdings
Withdrawn status Lost status Source of classification or shelving scheme Damaged status Not for loan Collection Home library Current library Shelving location Date acquired Source of acquisition Cost, normal purchase price Total Checkouts Full call number Barcode Date last seen Accession number Cost, replacement price Price effective from Koha item type Public note
    LCC     NFIC Medical Medical GEN 09/30/2025 Book Aid International 39.00   RC78.D35 CAR 92004055099 09/30/2025 62032 39.00 09/30/2025 BOOKS Donation